000 00906nam a2200253Ia 4500
003 OSt
005 20221005113526.0
006 a|||||r|||| 00| 0
007 ta
008 221004b |||||||| |||| 00| 0 pan d
020 _a9789351120957 (hbk)
_c300
024 _a26784
037 _b983, 16/12/2015, H.K. Prakashan
_cTextual
040 _aCRL
_cCRL
_bpan
041 _2pan
_apan
082 _aO153,1NKA4:g, Q5
100 _aਬਰਾੜ, ਸੁਰਜੀਤ, ਥਦ.
245 0 _aਹਰਜਿੰਦਰ ਕੰਗ ਦਾ ਕਾਵਿ - ਸੰਸਾਰ
260 _aਲੁਧਿਆਨਾ
_bਚੇਤਨਾ ਪ੍ਰਕਾFਨ ਭਾਰਤ
_c2015
300 _a208ਪੰ
_ccm.
650 _aਪੰਜਾਬੀ ਸਾਹਿਤ
942 _hO153,1NKA4:g, Q5
_cTEXL
_2cc
999 _c1028474
_d1028474